|
|
|
|
| LEADER |
00000cam a2200000 i 4500 |
| 001 |
1/120982 |
| 008 |
200221s1991 gr | ||| |||| ||gre|| |
| 040 |
|
|
|a GR-MyUa
|b gre
|e AACR2
|
| 041 |
0 |
|
|a gre
|
| 082 |
7 |
|
|a 226.6
|2 (23)
|
| 100 |
1 |
|
|a Καρατζάς, Φιλοποίμην Β.
|
| 245 |
1 |
2 |
|a Η "Διαθήκη" του Αποστόλου Παύλου /
|c Φιλοποιμένος Β. Καρατζά.
|
| 250 |
|
|
|a 4η εκδ.
|
| 260 |
|
|
|a Αθήναι :
|b Φως-ΧΕΕΝ,
|c 1991.
|
| 300 |
|
|
|a 159 σ. ;
|c 20 εκ.
|
| 650 |
|
0 |
|a Bible.
|
| 650 |
|
0 |
|a Bible. N.T.
|
| 852 |
|
|
|a INST
|b SAMOS
|e 20200221
|h 226.6 ΚΑΡ
|p 005300046389
|q 005300046389
|t BK
|y 0
|
| 920 |
|
|
|a Καραμανώλης
|b Μιλτιάδης
|y Σάμος
|z 2020-01
|
| 970 |
|
|
|a Γουβάλα
|b Βάσω
|z 21-02-2020
|